| 000 | 00545nam a2200205Ia 4500 | ||
|---|---|---|---|
| 003 | IN-BaIIA | ||
| 008 | 211028s9999 xx 000 0 eng d | ||
| 020 | _a0-06-043853-3 | ||
| 040 | _cIIA Library | ||
| 080 |
_a52 _bBAS |
||
| 100 |
_aBash, Frank N. _99675 |
||
| 245 | 0 |
_aAstronomy _cFrank N. Bash |
|
| 260 |
_aNew York _bHarper and Row _c1977 |
||
| 300 | _a468p. | ||
| 650 |
_aAstronomy _980 |
||
| 650 | _aStellar structure | ||
| 650 |
_aThe sky _99676 |
||
| 650 |
_aThe star _99677 |
||
| 942 | _cBK | ||
| 999 |
_c5567 _d5567 |
||